| 000 | 00368nam a22001457a 4500 | ||
|---|---|---|---|
| 003 | OSt | ||
| 005 | 20211022163245.0 | ||
| 008 | 211022b |||||||| |||| 00| 0 eng d | ||
| 040 |
_aHU _cDDC |
||
| 082 | _a347.05/JAI | ||
| 245 | _aThe code of civil procedure | ||
| 260 |
_aNew Delhi _bWadhwa and company Nagpur _c2007 |
||
| 300 | _axcv,1367p,22cm | ||
| 942 |
_2ddc _cBOOKS _n0 |
||
| 999 |
_c14510 _d14510 |
||